Undersatanding B.R Ambedkar's Annihilation of Caste/ (Record no. 199423)

MARC details
000 -LEADER
fixed length control field 00653nam a22002057a 4500
005 - DATE AND TIME OF LATEST TRANSACTION
control field 20231204113905.0
010 ## - LCCN (DPL NO)
LC control number ENG-138557
020 ## - INTERNATIONAL STANDARD BOOK NUMBER
International Standard Book Number 9788178246642
Terms of availability 795.00
035 ## - SYSTEM CONTROL NUMBER
System control number EN-122089
037 ## - SOURCE OF ACQUISITION
Source of stock number/acquisition DBAD/PUB
082 ## - DEWEY DECIMAL CLASSIFICATION NUMBER
Classification number 305.5122
Edition number 1
100 ## - MAIN ENTRY--PERSONAL NAME
Personal name Sayeed, Syed
245 ## - TITLE STATEMENT
Title Undersatanding B.R Ambedkar's Annihilation of Caste/
Statement of responsibility, etc By Syed Sayeed
250 ## - EDITION STATEMENT
Edition statement 1
260 ## - PUBLICATION, DISTRIBUTION, ETC. (IMPRINT)
Place of publication, distribution, etc Ranikhet
Name of publisher, distributor, etc Permanent Black
Date of publication, distribution, etc 2023
270 ## - ADDRESS
Address Himalayana, Mall Road
City Ranikhet
Postal code 263645
Electronic mail address perblack@gmail.com
300 ## - PHYSICAL DESCRIPTION
Extent 229p.
Other physical details ill.
Dimensions 21cm(pbk)
700 ## - ADDED ENTRY--PERSONAL NAME
Personal name Mukerjee. Rudrangshu
9 (RLIN) 38953
Relator term General Editor
942 ## - ADDED ENTRY ELEMENTS (KOHA)
Source of classification or shelving scheme Dewey Decimal Classification
Item type English Books
Classification part 305.5122
Call number suffix SAY
Holdings
Withdrawn status Lost status Not for loan Collection code Home library Current library Date acquired Source of acquisition Cost, normal purchase price Full call number Barcode Copy number Cost, replacement price Koha item type
      Non-fiction Vinoba Puri Vinoba Puri 04/12/2023 DBAD/PUB 595.00 305.5122 SAY EN-122089 1 595.00 English Books

© Delhi Public Library
Hit Counter
free hit counter